00925nam a2200241 i 4500003000900000005001700009007000300026008004100029040003000070082001400100100004000114245003700154264006700191300002700258336002700285337003300312338002800345590002800373910000700401942001400408952024400422999001700666DO-SdBNP20241011144716.0ta240410s2004 dr 000 p spa d aDO-SdBNPbspacBNPHUerda bV422c222 aVega, Máximo,eautor4aut.92261713aLa ciudad perdidacMáximo Vega 4aSantiago, República Dominicana :bEditora Sociedarte,c2004. a72 páginas ;c21 cm. atextobtxt2rdacontent asin mediaciónbn2rdamedia avolumenbnc2rdacarrier aInventariado, 2024 / DG aDG 2ddccLBS1 00102ddc51708PDaBNPHUbBNPHUcCTd2024-10-10eDonado por la Presidencia de la República Dominicana 2023.l0oBNPHU PD V422cp2024-5699r2024-10-10w2024-10-10yLBS1zPertenecio a la biblioteca personal de René Rodríguez Soriano. c57809d57809